| 000 | 01035cad a22002055a 4500 | ||
|---|---|---|---|
| 001 | L154955 | ||
| 008 | 120209s20120206xxk f 000 0 eng d | ||
| 035 | _a(Sirsi) u154955 | ||
| 041 | 0 | _aeng | |
| 050 | 0 | 4 | _a333.33 $2 18 |
| 110 | 2 |
_aLloyds Banking Group _95822 |
|
| 245 | 0 | 0 |
_aHalifax house price index _bJanuary 2012 _h[electronic resource] |
| 260 |
_aLondon _bLloyds Banking Group _c2012 |
||
| 520 | _aUK house prices increased by 0.6% in January 2012, a 1.8% decrease since January 2011. Prospects for house prices over the coming months will, to a large extent, depend on events in the Eurozone and the repercussions of developments there for the UK economy. If the UK can avoid a prolonged recession, there should be broad stability in house prices in 2012. | ||
| 590 | _aKA | ||
| 651 | 4 | _aUnited Kingdom | |
| 690 |
_aResidential property _96266 |
||
| 856 | 4 | 0 |
_uhttp://web.archive.org/web/20120323223011/https://www.lloydsbankinggroup.com/media/pdfs/halifax/2012/0602_HPI.pdf _zAvailable on the web archive |
| 942 |
_n0 _2ddc |
||
| 999 |
_c113259 _d113259 |
||